| 000 | 00539nam a2200217Ia 4500 | ||
|---|---|---|---|
| 003 | GCL | ||
| 008 | 140319s9999 xx 000 0 eng d | ||
| 040 |
_aGCL / _cGCL |
||
| 082 | 0 | 4 |
_a911 _bM A |
| 100 | 1 | _aMILLARD, ANNE | |
| 245 | 1 | 0 |
_aTHE ATLAS OF ANCIENT WORLDS / _cMILLARD, ANNE |
| 700 | 1 | _aBARNETT, RUSSEL | |
| 260 |
_a[S.N] : _bDORLING KINDERSLEY ، _c1994 |
||
| 300 | _a64 P | ||
| 650 | 0 | 4 | _aHISTORIANS |
| 650 | 0 | 4 | _aATLASES |
| 650 | 0 | 4 | _aHISTORY |
| 650 | 0 | 4 | _aANCIENT EGYPTIAN |
| 650 | 0 | 4 | _aWORLD HISTORY |
| 942 |
_2ddc _cBK |
||
| 999 |
_c19646 _d19646 |
||